000 00256nam a22000977a 4500
020 _a9789945510867
100 1 _aBalaguer, Elizabeth
_961993
245 0 3 _aMi carnaval my carnival
264 _aSanto Domingo :
_bAmigos del Hogar,
_c2024.
300 _a37 páginas :
999 _c58292
_d58292